Things by Emojis - Statistics

General Stats
  • This quiz has been taken 1,383 times
  • The average score is 9 of 10
Answer Stats
Category Emojis Answer % Correct
Holiday πŸŽƒπŸ¬πŸ‘» Halloween
99%
Company πŸ“±πŸ’»πŸŽ Apple
98%
Place πŸš–πŸ—½πŸŒ‡ New York
97%
Ceremony πŸ‘°πŸ’–πŸ€΅ Wedding
94%
Occupation πŸŒ½πŸŽπŸ„ Farmer
90%
Biome 🌞πŸͺ🌡 Desert
88%
Video Game πŸ’Žβ›πŸ›  Minecraft
83%
Movie β­βš”πŸ‘½ Star Wars
74%
Famous Person β›΅πŸ§­πŸŒŽ Christopher Columbus
68%
Historical Event πŸ’΅πŸ“‰πŸ˜­ Great Depression
63%
No matching quizzes found
Score Distribution
Percent of People with Each Score
Percentile by Number Answered
Your Score History
You have not taken this quiz